000 00599nam a2200169 a 4500
001 BRCA_1861
005 20190320203559.0
008 060608s1985----mx-a---###---#000-0#spa-#
050 4 _aAM23
_b.M97 1985
245 1 0 _aMuseos y espacios museográficos de la Universidad Nacional Autonoma de México.
260 _aMéxico
_bUNAM, Centro de Investigación y Servicios Museológicos
_c1985
300 _a27 p.
_bil.
_c21 cm.
504 _aBibliografía : p. 26
610 2 4 _aUniversidad Nacional Autónoma de México
_xMuseos
_zCiudad de México
_95773
650 1 4 _aMuseos
_zMéxico
_93716
942 _2lcc
_cB
999 _c1639
_d1639